MDQL
is popping MORE tags! Check the
thread
!
Quizzes
Events
Quiz Creation
Community
Videos
Private Events
Remove Ads
Sign In
Join for FREE
Feedback
Dark Mode
Quiz Categories
Sports
Geography
Music
Movies
Television
Just For Fun
Miscellaneous
History
Literature
Language
Science
Gaming
Entertainment
Religion
Holiday
For Kids
Quiz Lab
Recent
Popular Today
Quiz Kudos Today
Editor Picks
Curator Picks
Quizzes by...
Day
Popularity
Type
Ratings
Length
Year
Community
Subscriptions
Recent Discussions
Orange Saloon
Badges
Playlists
Quests
Create
Leaderboards
Showdown
Live 5
Trivia Bingo
Activity
Puzzle Library
Sporcle Events
Private Events
Virtual Trivia
Globe League
Become a Host
Pub Owners
SporcleCon
Opinionation
Our Games
Videos
Blog
Mobile Apps
Partnerships
Remove Ads and Go Orange
Feedback
Literature
Harry Potter
A Song of Ice and Fire
The Hunger Games
Literary Character
Shakespeare
Book
Author
Novel
Poem
Young Adult
Children's Books
Play
Lord of the Rings
Literature
Harry Potter
A Song of Ice and Fire
The Hunger Games
Literary Character
Shakespeare
Book
Author
Novel
Poem
Young Adult
Children's Books
Play
Lord of the Rings
Random Quiz
Search Sporcle
×
Quiz Lab
Quiz Lab
Literature
Young Adult
Type in answers that appear in a list
Type in answers that appear in a list
Classic
Best Score? Go Orange.
All marked characters Stats
Can you name the marked characters in order of appearance?
By
chloebraget
10m
31 Questions
13 Plays
13 Plays
13 Plays
Comments
Comments
Give Quiz Kudos
Give Quiz Kudos
-
- Ratings
hide this ad
Replay
Link that replays current quiz
Next Quiz
Link to next quiz in quiz playlist
You Got
0%
They Got
Avg Score
53%
Avg Friend Score
Upgrade to see
Score Distribution
Jump to the score distribution portion of the page
Score
0/31
Timer
10:00
0
Plays Today
% Correct
Zoey
92.3%
Heath
92.3%
Eric
84.6%
Neferet
76.9%
Aphrodite
76.9%
Erin
76.9%
Damien
76.9%
Shaunee
76.9%
Stevie Ray
69.2%
Elliott
69.2%
Kayla
61.5%
Nyx
61.5%
Elizabeth
61.5%
Dragon
61.5%
Linda
53.8%
John
53.8%
% Correct
Professor Nolan
53.8%
Lenobia
53.8%
Anastasia
53.8%
Loren
53.8%
Drew
46.2%
Dustin
46.2%
Sylvia
46.2%
Enyo
46.2%
Nala
46.2%
Cammy
38.5%
Deino
38.5%
Professor Penthesilea
30.8%
Skylar
23.1%
Beelzebub
23.1%
Amanda
23.1%
Quiz Playlist
Details
Report
Send in Message
Add To Playlist
Classic:
Type in answers that appear in a list
Last Updated: Feb 16, 2017
Quiz Scoreboard
CHALLENGE
Sign Up to Join the Scoreboard
Show All
Scores
Hide
Comments
May contain spoilers
Recently Published
1-10 Letter E Words III
by El_Dandy
Language
2m
Street Fighter Characters
by Artimus82
Gaming
60s
College Basketball Coaching Resumes
by pancakes188
Sports
9m
More to Explore
Quiz From the Vault
Featured Blog Post
Where Did the Easter Bunny Come From?
hide this ad
You Might Also Like...
Tags
Young Adult Quiz
Marked
Today's Top Quizzes in Literature
Browse Literature
hide this ad
Today's Top Quizzes in Young Adult
Browse Young Adult
Top Contributed Quizzes in Literature
1
Sneaky Slytherin Logic Puzzle
2
Get The Picture: Black or White Literature
3
5-to-1: Plays
4
A Court of Thorns and Roses (ACoTaR) Logic Puzzle
5
One Thing in Common: Literature
6
One Thing in Common: Literature II
7
One Thing in Common: Books
8
One Thing in Common: Literature 3
9
'Middle' Earth
10
Harry Potter Neighbourly Logic Puzzle #1
Explore More
Trending Topics
Anime
Kpop
Crossword
NBA
Marvel
Harry Potter
Disney
NFL
Pokémon
Soccer
The Office
Country
Song
Puzzle
WWE
hide this ad
More By:
chloebraget
Quiz
Plays
Rating
Category
Featured
Created
Hunger games rue's monologue
553
2.00
Literature
Aug 24, 2011
natural colours
32
1.67
Just For Fun
Aug 24, 2011
all marked characters
13
5.00
Literature
Sep 4, 2011
Go to Creator's Profile
Score Distribution
Quiz Creator Spotlight
chloebraget
Follow
Send a Message
Quizzes Created
-
Created Quiz Play Count
-
More By This Creator
Popular Quizzes Today
1
Find the US States - No Outlines Minefield
2
Find the Countries of Europe - No Outlines Minefield
3
The Countries of the World
4
Find the US States
5
Risky Map Clicking: Biggest States A-Z
6
US States
7
Popular People in 1961
8
Movies - When Are They Set?
More Literature Quizzes
Profile: Valkyrie Cain
Quiz Lab
Trending Quizzes
Risky Map Clicking: Least Populous States A-Z
Billboard Blitz: Aretha Franklin
1-10 Letter G Words
Countries of the World: 200 Million BC
1-10 Letter F Words
Recently Updated
Leaping Animals
pecheneg
Reality TV Shows (A-Z)
bhenderson79
Rickey Henderson's Hall of Fame Teammates
pecheneg
Champions League XIs: Arsenal
pecheneg
Quick Pick: Celebrities in WWE's Hall of Fame
aduchscher
A-Z Keypad Blitz II
pecheneg
Multiple Oscar Actors
pecheneg
Mystery Phrase Blitz: Oscar 'Best Actors'
pecheneg
F. Scott Fitzgerald Novels
LTH
Pick 3 Villains
ddd62291
Trending Topics
Disney
Crossword
Kpop
Anime
NBA
Marvel
Harry Potter
NFL
Song
Puzzle
Country
WWE
The Office
Soccer
Pokémon
Your Account Isn't Verified!
In order to create a playlist on Sporcle, you need to verify the email address you used during registration. Go to your
Sporcle Settings
to finish the process.
Report this User
Report this user for behavior that violates our
Community Guidelines
.
Details:
Send Report
Go to the Sporcle.com Mobile Site →
Comments